De la vulnerabilidad social al riesgo de empobrecimiento: sectores medios y transformaciones sociales en América Latina /

Gespeichert in:
Bibliographische Detailangaben
1. Verfasser: Mora Salas, Minor
Weitere Verfasser: Pérez Sáinz, Juan Pablo
Format: Text
Tags: Tag hinzufügen
Keine Tags, Fügen Sie den ersten Tag hinzu!

MARC

LEADER 00000 a a2200000 04500
001 47863
003
040
100 |a Mora Salas, Minor  
245 |a De la vulnerabilidad social al riesgo de empobrecimiento:   |b sectores medios y transformaciones sociales en América Latina /  |c Minor Mora Salas, Juan Pablo Pérez Sáinz  
700 |a Pérez Sáinz, Juan Pablo  
773 |g número74, (2008), páginas 63-89  
999 |c 30198  |d 30198